000 00681nam a2200241 a 4500
008
020 _a0748744452 (pbk.)
049 _aMAIN
090 _aQD510
_bWAR
100 1 _aWarn, J.R.W.
245 1 0 _aConcise chemical thermodynamics /
_cJ.R.W. Warn, A.P.H. Peters.
250 _a2nd ed.
260 _aNew York :
_bChapman & Hall,
_c1996.
300 _axv,188 p.
_bill. ;
_c23cm.
500 _aIncludes index.
504 _aIncludes bibliographical references.
700 _aPeters, A.P.H.
907 _a.b10122242
_b11-02-13
_c18-05-04
003
005 20230123133716.0
040 _cNUST
942 _cBOOKS
_kQD510
_mWAR
999 _c153289
_d153289